Property Week supplement (Record no. 76687)
[ view plain ]
| 000 -LEADER | |
|---|---|
| fixed length control field | 00840cab a2200253 4500 |
| 001 - CONTROL NUMBER | |
| control field | ##L132910 |
| 008 - FIXED-LENGTH DATA ELEMENTS--GENERAL INFORMATION | |
| fixed length control field | 060322n2006 000 0 eng u |
| 035 ## - SYSTEM CONTROL NUMBER | |
| System control number | (Sirsi) u132910 |
| 041 0# - LANGUAGE CODE | |
| Language code of text/sound track or separate title | eng |
| 100 1# - MAIN ENTRY--PERSONAL NAME | |
| Personal name | Barrett, Claer |
| 245 00 - TITLE STATEMENT | |
| Title | Property Week supplement |
| Remainder of title | Scotland |
| 260 ## - PUBLICATION, DISTRIBUTION, ETC. | |
| Date of publication, distribution, etc. | 2006 |
| 490 #0 - SERIES STATEMENT | |
| Series statement | Property Week |
| -- | 71(11) 17 March 2006, (18) |
| 520 ## - SUMMARY, ETC. | |
| Summary, etc. | Looks at property development in Kenmore; office developments in Edinburgh and Glasgow; a shopping centre in Cumbernauld; the opening of an arcade in Edinburgh; and the Scottish industrial market. |
| 590 ## - LOCAL NOTE (RLIN) | |
| Local note | IKA280306 |
| 650 24 - SUBJECT ADDED ENTRY--TOPICAL TERM | |
| Topical term or geographic name entry element | KENMORE |
| 650 24 - SUBJECT ADDED ENTRY--TOPICAL TERM | |
| Topical term or geographic name entry element | EDINBURGH |
| 650 24 - SUBJECT ADDED ENTRY--TOPICAL TERM | |
| Topical term or geographic name entry element | GLASGOW |
| 650 24 - SUBJECT ADDED ENTRY--TOPICAL TERM | |
| Topical term or geographic name entry element | CUMBERNAULD |
| 690 ## - LOCAL SUBJECT ADDED ENTRY--TOPICAL TERM (OCLC, RLIN) | |
| Topical term or geographic name as entry element | PROPERTY-COMMERCIAL PROPERTY-COMMERCIAL PROPERTY MARKET |
| 700 1# - ADDED ENTRY--PERSONAL NAME | |
| Personal name | Eade, Christine |
| 700 1# - ADDED ENTRY--PERSONAL NAME | |
| Personal name | McIntosh, Stewart |
| 942 ## - ADDED ENTRY ELEMENTS (KOHA) | |
| Suppress in OPAC | 0 |
No items available.